| 000 | 00737nam a2200241 a 4500 | ||
|---|---|---|---|
| 001 | 56593 | ||
| 003 | BD-RjUL | ||
| 005 | 20211209080420.0 | ||
| 008 | 161201s19651958enk||||| |||| 001 0 eng d | ||
| 035 | _a(BD-RjUL) 56717 | ||
| 040 |
_aBD-RjUL _beng _cBD-RjUL _dBD-RjUL |
||
| 041 | _aeng | ||
| 082 |
_223 _a189 _bLEM 1965 |
||
| 100 |
_aLeff, Gordon. _9168333 |
||
| 245 |
_aMedieval thought : _b St. Augustine to Ockham / _cGordon Leff |
||
| 260 |
_aHarmondsworth ; _a Middlesex : _b Penguin Books, _cc1958 [reprinted 1965]. |
||
| 300 |
_a316 p. ; _c18 cm. |
||
| 490 |
_aPelican books, _vA424. |
||
| 500 | _aIncludes index | ||
| 650 |
_aPhilosophy, _vMedieval. _9168334 |
||
| 830 |
_aPelican books, _vA424. _9130043 |
||
| 942 |
_2ddc _cBK |
||
| 999 |
_c56593 _d56593 |
||